Design Fabrication and Testing of a Novel Multifunctional Wound Healing Device / (Record no. 529398)

000 -LEADER
fixed length control field 00510nam a22001577a 4500
020 ## - INTERNATIONAL STANDARD BOOK NUMBER
Qualifying information Hard Cover.
082 ## - DEWEY DECIMAL CLASSIFICATION NUMBER
Classification number 610.28
100 ## - MAIN ENTRY--PERSONAL NAME
Personal name Mir,Mariam
245 ## - TITLE STATEMENT
Title Design Fabrication and Testing of a Novel Multifunctional Wound Healing Device /
Statement of responsibility, etc. Mariam Mir.
300 ## - PHYSICAL DESCRIPTION
Extent 52 p. : ill. :
Dimensions 30cm.
650 ## - SUBJECT ADDED ENTRY--TOPICAL TERM
Topical term or geographic name entry element Ms Thesis.
700 ## - ADDED ENTRY--PERSONAL NAME
Personal name Dr. Umar Ansari.
856 ## - Uniform Resource Identifier
Uniform Resource Identifier <a href="http://10.250.8.41:8080/xmlui/handle/123456789/6155">http://10.250.8.41:8080/xmlui/handle/123456789/6155</a>
942 ## - ADDED ENTRY ELEMENTS (KOHA)
Source of classification or shelving scheme
Koha item type Thesis
650 ## - SUBJECT ADDED ENTRY--TOPICAL TERM
-- 18721
700 ## - ADDED ENTRY--PERSONAL NAME
-- 16112
Holdings
Withdrawn status Lost status Source of classification or shelving scheme Damaged status Not for loan Permanent Location Current Location Shelving location Date acquired Full call number Barcode Date last seen Price effective from Non-public note Koha item type
          Central Library (CL) Central Library (CL) Thesis 09/25/2019 610.28 CL-T-1515 09/25/2019 09/25/2019 Minute Sheet No. 0929/02/CL/Survey/5 dated 23rd April 2024 E-MIN ID 114741 Thesis
© 2023 Central Library, National University of Sciences and Technology. All Rights Reserved.